000
00228nam a22000857a 4500
008
161028b xxu||||| |||| 00| 0 eng d
100
_9
975
_a
Aggarwal.R.C.
245
_a
Maangani Paravaigal
260
_a
New Delhi
_b
CBT. Publications
_c
2008
999
_c
3634
_d
3634